Normal view
MARC view
- Cleland, Andrew .N
Entry Personal Name
001 - CONTROL NUMBER
- control field: 62496
003 - CONTROL NUMBER IDENTIFIER
- control field: NUST
005 - DATE AND TIME OF LATEST TRANSACTION
- control field: 20210628202940.0
008 - FIXED-LENGTH DATA ELEMENTS
- fixed length control field: 210628|| aca||aabn | a|a d
040 ## - CATALOGING SOURCE
- Original cataloging agency: NUST
- Transcribing agency: NUST
100 ## - HEADING--PERSONAL NAME
- Personal name: Cleland, Andrew .N
670 ## - SOURCE DATA FOUND
- Source citation: Work cat.: (NUST): Cleland, Andrew .N, Foundations of nanomechanics from solid state theory to device applications, 2003
